000 00690nam a2200241Ia 4500
003 OSt
005 20220918223355.0
006 a|||||r|||| 00| 0
007 ta
008 220917b |||||||| |||| 00| 0 eng d
024 _a222,164
037 _cTextual
040 _aARTS
_cARTS
_beng
041 _2eng
_aeng
082 _aV2:71(X:8), P4
100 _aBhowmik Swarnakamal
_9145612
245 0 _aHeritage management
_b Care, understanding and appreciation of cultural heritage
260 _aJaipur
_bPublication scheme
_c2004
300 _a232p
_ccm.
650 _aHISTORY
942 _hV2:71(X:8), P4
_cTEXL
_2CC
999 _c278284
_d278284